| 000 | 003580000a22001450004500 | ||
|---|---|---|---|
| 060 | _a100 | ||
| 082 | _a581.012 WAR | ||
| 100 | _aWarming, E | ||
| 245 | _aHandbook of Systematic Botany | ||
| 260 | _alondon, George Allen & Unwin Ltd. | ||
| 260 | _c1895 | ||
| 300 | _a620 | ||
| 650 | _aBotany/ Thallophyta/Mosses/ Pteridophyta/ Gymnosperms | ||
| 942 | _cBK | ||
| 999 |
_c364280 _d364280 |
||